|
|
|
|
| LEADER |
00000nab#a22000007a#4500 |
| 001 |
arbauad037309 |
| 003 |
AR-BaUAD |
| 005 |
20250711112933.0 |
| 008 |
990618|||||||||###||||||b###|0###a|spa|| |
| 040 |
|
|
|a AR-BaUAD
|c AR-BaUAD
|b spa
|
| 100 |
|
|
|a Jousse, Thierry
|
| 245 |
|
|
|a Casino /
|c Thierry Jousse; Nicolas Saadà;
|
| 300 |
0 |
|
|b fot.
|
| 653 |
|
|
|a CINE
|
| 653 |
|
|
|a DIRECTORES DE CINE
|
| 653 |
|
|
|a ESTADOS UNIDOS
|
| 653 |
|
|
|a SCORSESE, MARTIN
|
| 653 |
|
|
|a DIRECCION DE CINE
|
| 653 |
|
|
|a MONTAJE
|
| 653 |
|
|
|a MONTAJISTAS
|
| 653 |
|
|
|a SCHOONMAKER, THELMA
|
| 700 |
1 |
|
|a Saadà, Nicolas
|
| 773 |
0 |
|
|t CAHIERS DU CINEMA
|g no. 500 [mar. 1996], p. 8-19
|
| 942 |
|
|
|c ARTI
|
| 952 |
|
|
|0 0
|1 0
|4 0
|7 0
|9 82228
|a AR-BAuAD
|b AR-BAuAD
|d 2025-07-11
|l 0
|p AAQA037309
|r 2025-07-11 11:29:33
|w 2025-07-11
|y ARTI
|
| 990 |
|
|
|a C199
|b TD
|
| 998 |
|
|
|a AAQ
|b BIBUN76
|
| 999 |
|
|
|c 61901
|d 61901
|